| 000 | 00681pam a2200217 i 4500 | ||
|---|---|---|---|
| 001 | 2281387 | ||
| 005 | 20180131033753.0 | ||
| 008 | 790810s1980 nyua b 001 0 eng | ||
| 010 | _a 79020021 | ||
| 020 | _a0517539896 | ||
| 040 |
_aDLC _cDLC _dDLC |
||
| 041 | _aeng | ||
| 080 | _a635.93415 WIL | ||
| 082 | 0 | 0 | _a635.93415 WIL |
| 100 | _a9 | ||
| 101 | _aMJE | ||
| 245 | 0 | 0 |
_aOrchids for everyone : _cprincipal author, Brian Williams ; consultant, Jack Kramer. |
| 504 | _aBibliography: p. 200-201. | ||
| 906 |
_a7 _bcbc _corignew _d1 _eocip _f19 _gy-gencatlg |
||
| 942 |
_2ddc _cBK |
||
| 999 |
_c41318 _d41318 |
||